Compendio de la defensa verbal que pronuncia el Lic. D. Casimiro de Orense para obtener la propiedad del mayorazgo de segundos instituido en la ciudad de Salamanca en 1781 por la Marquesa de Cerralbo... María Manuela Motezuma, con poder de su hijo único... Francisco Ventura de Orense, conde de Villalobos... (Record no. 161054)

MARC details
000 -LEADER
campo de control de longitud fija 01379nam a22002655i 4500
001 - NÚMERO DE CONTROL
campo de control 161054
003 - IDENTIFICADOR DE NÚMERO DE CONTROL
campo de control ES-MaACL
005 - FECHA Y HORA DE LA ÚLTIMA TRANSACCIÓN
campo de control 20251012174132.0
008 - DATOS DE LONGITUD FIJA--INFORMACIÓN GENERAL
campo de control de longitud fija 041008s1846 sp |||| | spa d
080 ## - NÚMERO DE LA CLASIFICACIÓN DECIMAL UNIVERSAL
Número de la Clasificación Decimal Universal 347.65(460.187 S.)
100 1# - ENTRADA PRINCIPAL--NOMBRE DE PERSONA
Nombre de persona Orense, Casimiro de.
9 (RLIN) 130682
245 10 - MENCIÓN DEL TÍTULO
Título Compendio de la defensa verbal que pronuncia el Lic. D. Casimiro de Orense para obtener la propiedad del mayorazgo de segundos instituido en la ciudad de Salamanca en 1781 por la Marquesa de Cerralbo... María Manuela Motezuma, con poder de su hijo único... Francisco Ventura de Orense, conde de Villalobos...
260 ## - PUBLICACIÓN, DISTRIBUCIÓN, ETC.
Lugar de publicación, distribución, etc. [Valladolid :
Nombre del editor, distribuidor, etc. s.n.,
Fecha de publicación, distribución, etc. 1846]
300 ## - DESCRIPCIÓN FÍSICA
Extensión 5-33 p., 1 h. ;
Dimensiones 26 cm.
594 ## - Nota al título y mención de responsabilidad
Nota al título y mención de responsabilidad Tít. y autor tomados de principio del texto.
594 ## - Nota al título y mención de responsabilidad
Nota al título y mención de responsabilidad Precede al tít.: Año de 1846. Sala 1ª de la Audiencia Territorial de Valladolid.
596 ## - NOTA AL PIE DE IMPRENTA
NOTA AL PIE DE IMPRENTA Texto fechado en 1846.
597 ## - NOTA DE DESCRIPCIÓN FÍSICA
NOTA DE DESCRIPCIÓN FÍSICA Pág. 1 a 4 encuadernadas entre las p. VIII-IX de la primera obra del v.
650 #4 - PUNTO DE ACCESO ADICIONAL DE MATERIA--TÉRMINO DE MATERIA
Término de materia o nombre geográfico como elemento de entrada Mayorazgo-
Subdivisión geográfica Salamanca.
9 (RLIN) 152789
700 1# - ENTRADA AGREGADA--NOMBRE PERSONAL
Nombre de persona Cerralbo, María Manuela Motezuma,
Títulos y otros términos asociados al nombre Condesa de
9 (RLIN) 126423
700 1# - ENTRADA AGREGADA--NOMBRE PERSONAL
Nombre de persona Villalobos, Francisco Ventura de Orense,
Títulos y otros términos asociados al nombre Conde de
9 (RLIN) 133740
710 1# - ENTRADA AGREGADA--NOMBRE DE ENTIDAD CORPORATIVA
Nombre de entidad corporativa o nombre de jurisdicción como elemento de entrada España.
Unidad subordinada Audiencia Territorial de Valladolid.
9 (RLIN) 175981
852 4# - LOCALIZACIÓN
Ubicación ES-MaACL
Número de control de estantería T-49-F-2
Nota libre - Enc. hol., falto de cub. original
-- - Enc. en un vol. facticio
Holdings
Estatus retirado Estado de pérdida Estado de daño No para préstamo Colección Biblioteca de origen Biblioteca actual Ubicación en estantería Fecha de adquisición Total de préstamos Signatura topográfica completa Código de barras Visto por última vez Precio de reemplazo Tipo de ítem Koha
        Colección de folletos Biblioteca del Ateneo de Madrid Biblioteca del Ateneo de Madrid Depósito folletos 17/01/2008   T-49-F-2 1168690 23/02/2023 23/02/2023 Folleto